[Event "EuTCh"]
[Site "Leon ESP"]
[Date "2001.11.15"]
[Round "9"]
[White "Milov,V"]
[Black "Papaioannou,I"]
[Result "1/2-1/2"]
[WhiteElo "2602"]
[BlackElo "2591"]

1.d4 Nf6 2.c4 e6 3.Nc3 Bb4 4.e3 c5 5.Ne2 cxd4 6.exd4 d5 7.a3 Be7 8.Nf4 O-O
9.cxd5 Nxd5 10.Ncxd5 exd5 11.Bd3 Nc6 12.O-O Bg5 13.Re1 h6 14.Bc2 Be6 15.g3 Ne7
16.h4 Bf6 17.Nh5 Bf5 18.Bf4 Qb6 19.Nxf6+ Qxf6 20.Be5 Qg6 21.h5 Bxc2 22.hxg6 Bxd1
23.gxf7+ Rxf7 24.Raxd1 Rc8 25.Rc1 Rxc1 26.Rxc1 Nc6 27.Kg2 h5 28.f4 Kh7 29.Rh1 Kg6
30.Kf3 Rf8 31.g4 hxg4+ 32.Kxg4 Ne7 33.Rh5 Kf7 34.Rh7 Ke6 35.Rxg7 b5 36.Kf3 Rf7
37.Rg2 Rh7 38.Ke3 Rh3+ 39.Kd2 Kf5 40.Kc2 Nc6 41.Rg7 b4 42.axb4 Nxb4+ 43.Kd2 a5
44.Rg5+  1/2-1/2

[Event "FIDE WCh KO"]
[Site "Moscow RUS"]
[Date "2001.11.28"]
[Round "1.2"]
[White "Yermolinsky,A"]
[Black "Milov,V"]
[Result "0-1"]
[WhiteElo "2577"]
[BlackElo "2602"]

1.d4 Nf6 2.c4 g6 3.Nc3 Bg7 4.e4 d6 5.Nf3 O-O 6.Be2 Na6 7.O-O e5 8.Re1 Qe8
9.dxe5 dxe5 10.b3 Nc5 11.Ba3 Nfxe4 12.Nxe4 Nxe4 13.Bxf8 Qxf8 14.Qc2 Nc5 15.Rad1 a5
16.h3 Bf5 17.Qc1 Re8 18.Bf1 e4 19.Nd4 Bc8 20.Qe3 h5 21.Nb5 Qe7 22.f3 b6 23.fxe4 Be5
24.Nd4 Bb7 25.Bd3 h4 26.Nf3 Bg3 27.Re2 Ne6 28.Bc2 Bd6 29.Kh1 Bf4 30.Qf2 Bg3
31.Qe3 c5 32.e5 Bxf3 33.Qxf3 Nd4 34.Rxd4 cxd4 35.e6 f5 36.Qd3 Qd6 37.e7 Be5
38.Qf3 Kg7 39.Qd5 Qxe7 40.Re1 Qf6 41.Bd1 Kh6 42.a3 Re7 43.b4 Bd6 44.Rxe7 Bxe7
45.bxa5 bxa5 46.Qxa5 Qd6 47.Qd2+ Bg5 48.Qd3 Be3 49.Be2 Qg3 50.Qd1 Bf4 51.Kg1 Qh2+
52.Kf1 Qh1+ 53.Kf2 Be3+ 54.Kf3 Qh2 55.Bf1 Qf4+ 56.Ke2 Qf2+ 57.Kd3 Qb2 58.Qc2 Qxa3+
59.Ke2 Qc5 60.Kd1 Kg5 61.Bd3 Kf4 62.Ke2 Kg3 63.Kf1 Qe5 64.Be2 Qe4 65.Bd3 Qf4+
66.Ke1 Bf2+ 67.Kf1 Be3+ 68.Ke1 Kh2 69.c5 Kg1 70.c6 Qg3+ 71.Kd1 Bf4 72.Qc4 Qe3
73.Qc2 Qf2 74.Be2 Bc7  0-1

[Event "OSS GM"]
[Site "Oslo NOR"]
[Date "2002.01.14"]
[Round "2"]
[White "Kogan,A"]
[Black "Milov,V"]
[Result "1/2-1/2"]
[WhiteElo "2568"]
[BlackElo "2595"]

1.Nf3 Nf6 2.c4 e6 3.g3 d5 4.Bg2 Nbd7 5.b3 a5 6.Nc3 c6 7.O-O Bd6 8.d4 O-O
9.Qc2 Qe7 10.Bb2 dxc4 11.bxc4 e5 12.dxe5 Nxe5 13.Nxe5 Bxe5 14.Na4 Bxb2 15.Qxb2 Bf5
16.c5 Rfe8 17.Rfe1 Ne4 18.Rad1 Rad8 19.e3 Rxd1 20.Rxd1 Rd8  1/2-1/2

[Event "OSS GM"]
[Site "Oslo NOR"]
[Date "2002.01.15"]
[Round "4"]
[White "Bae,T"]
[Black "Milov,V"]
[Result "1-0"]
[WhiteElo "2318"]
[BlackElo "2595"]

1.e4 c5 2.Nf3 d6 3.d4 cxd4 4.Nxd4 Nf6 5.Nc3 a6 6.f4 e5 7.Nf3 Nbd7 8.Bd3 b5
9.O-O Be7 10.a4 b4 11.Nd5 Bb7 12.Nxe7 Qxe7 13.Qe1 d5 14.fxe5 Nxe4 15.Be3 O-O
16.Bd4 a5 17.Nh4 Qe6 18.Nf5 g6 19.Bxe4 dxe4 20.Qg3 Rac8 21.c3 bxc3 22.bxc3 Ba6
23.Rf4 e3 24.Nh6+ Kg7 25.Qg5 e2 26.Re1 Rb8 27.Ng4 Bd3 28.Qh6+ Kh8 29.Nf6 g5
30.Qxg5 Rb1 31.Rxb1 Bxb1 32.Kf2 Bd3 33.Nxd7 Rg8 34.Qh4 Rg7 35.Nc5  1-0

[Event "OSS GM"]
[Site "Oslo NOR"]
[Date "2002.01.17"]
[Round "7"]
[White "Milov,V"]
[Black "Trygstad,K"]
[Result "1-0"]
[WhiteElo "2595"]
[BlackElo "2313"]

1.d4 Nf6 2.c4 g6 3.Nc3 Bg7 4.e4 d6 5.Bg5 O-O 6.Qd2 Na6 7.f4 c6 8.Bd3 Nh5
9.Nge2 f6 10.Bh4 Bh6 11.Bf2 e5 12.Be3 Bg4 13.O-O Qe7 14.f5 Bxe3+ 15.Qxe3 Bxe2
16.Bxe2 Nf4 17.d5 Qc7 18.Bg4 Qb6 19.Qxb6 axb6 20.Rad1 cxd5 21.Nxd5 Nxd5 22.Rxd5 Nc5
23.Rxd6 Rxa2 24.Rxb6 g5 25.Rd1 Rf7 26.Bh5 Rc7 27.Rxf6 Nxe4 28.Rb6 Kg7 29.Bf3 Nf6
30.Be2 Nd7 31.Rb5 Nf6 32.Kf2 g4 33.Ke3 Kh6 34.Rd2 Kg5 35.Rxe5 Rc6 36.Bd3 g3
37.h3 Rb6 38.Rb5 Rxb5 39.cxb5 Ra4 40.Rc2 Rb4 41.Bc4 Ra4 42.Kf3 Kxf5 43.b3 Ra1
44.Kxg3 Rd1 45.Kf3 Rd7 46.Re2 Kg5 47.Re5+ Kg6 48.Re6 h5 49.Rb6 Rc7 50.Rd6 Kg5
51.Ke3 h4 52.Kd4 Re7 53.Re6 Rd7+ 54.Kc5 Kf5 55.Re3 Rg7 56.Re2 Nd7+ 57.Kd6 Nf6
58.Bd3+ Kf4 59.Rf2+ Kg5 60.Rf5+ Kg6 61.Ke6  1-0

[Event "OSS GM"]
[Site "Oslo NOR"]
[Date "2002.01.18"]
[Round "8"]
[White "Groenn,A"]
[Black "Milov,V"]
[Result "0-1"]
[WhiteElo "2370"]
[BlackElo "2595"]

1.Nf3 Nf6 2.c4 g6 3.g3 Bg7 4.Bg2 d6 5.d4 O-O 6.O-O Nc6 7.Nc3 a6 8.Qd3 Bd7
9.d5 Nb4 10.Qb1 a5 11.a3 Na6 12.b4 Bf5 13.Qb3 axb4 14.axb4 Nc5 15.Rxa8 Nxb3
16.Rxd8 Rxd8 17.Nb5 Bd7 18.Bb2 Ra8 19.Rb1 Bf5 20.Re1 Ra2 21.Bxf6 Bxf6 22.e4 Bg4
23.e5 dxe5 24.Nxc7 Nd4 25.Nxd4 exd4 26.Bf1 d3 27.Bxd3 Bd4 28.Rf1 Bh3 29.c5 Bxf1
30.Kxf1 Rxf2+ 31.Ke1 Rxh2 32.Nb5 Be5 33.Be2 Bxg3+ 34.Kd2 Rh4 35.Kc3 Be1+
36.Kc2 Rxb4 37.c6 bxc6 38.dxc6 Bg3  0-1

[Event "OSS GM"]
[Site "Oslo NOR"]
[Date "2002.01.20"]
[Round "9"]
[White "Milov,V"]
[Black "Moen,A"]
[Result "1-0"]
[WhiteElo "2595"]
[BlackElo "2265"]

1.d4 d5 2.c4 dxc4 3.e3 Nf6 4.Bxc4 e6 5.Nf3 c5 6.O-O a6 7.a4 Nc6 8.Qe2 cxd4
9.Rd1 d3 10.Bxd3 Qc7 11.Nc3 Be7 12.b3 O-O 13.Bb2 Qb6 14.e4 Nd7 15.Nd5 exd5
16.exd5 Bf6 17.dxc6 Bxb2 18.Qxb2 Qxc6 19.Rac1 Qb6 20.Qc3 a5 21.Bf5  1-0

[Event "Rapid"]
[Site "Aubervilliers FRA"]
[Date "2002.01.27"]
[Round "6"]
[White "Milov,V"]
[Black "Elbilia,J"]
[Result "1-0"]
[WhiteElo "2595"]
[BlackElo "2292"]

1.d4 e6 2.c4 f5 3.g3 Nf6 4.Bg2 c6 5.Nh3 d5 6.O-O Bd6 7.Bf4 Be7 8.Nd2 O-O
9.Qc2 h6 10.Bxb8 Rxb8 11.Nf4 Bd6 12.Ng6 Re8 13.Nf3 Ne4 14.Nfe5 Ng5 15.f3 Nf7
16.e4 Nxe5 17.dxe5 Bc5+ 18.Kh1 d4 19.f4 d3 20.Qc3 Qd4 21.Qxd4 Bxd4 22.Rfd1 Bxb2
23.Rab1 Ba3 24.Rxd3 Bc5 25.exf5 Bb6 26.c5 Bc7 27.fxe6 Bxe6 28.Be4 Bxa2 29.Ra1 Bf7
30.Rxa7 Bxg6 31.Bxg6 Re7 32.Kg2 Bd8 33.Kf3 Rc7 34.Rd6 Kf8 35.Bc2 Be7 36.e6 Bf6
37.Ke4 Ke7 38.Ba4 Rd8 39.Rxd8 Kxd8 40.Bb3 Ke7 41.Ra8 Bc3 42.g4 Bb4 43.Rg8 Bxc5
44.Rxg7+ Kd6 45.Rg8 Bg1 46.h4 c5 47.Bd5 c4 48.f5 c3 49.f6 c2 50.f7  1-0

[Event "Rapid"]
[Site "Aubervilliers FRA"]
[Date "2002.01.27"]
[Round "7"]
[White "Meijers,V"]
[Black "Milov,V"]
[Result "1/2-1/2"]
[WhiteElo "2455"]
[BlackElo "2595"]

1.e4 c5 2.Nf3 Nc6 3.d4 cxd4 4.Nxd4 Nf6 5.Nc3 d6 6.Bg5 Bd7 7.Qd2 Rc8 8.Be2 Nxd4
9.Qxd4 Qa5 10.Bd2 e5 11.Qe3 a6 12.O-O Qc7 13.Rac1 Be6 14.Qg3 Qb6 15.Rb1 h5
16.Bg5 Be7 17.h3 Qd8 18.Bxf6 Bxf6 19.Rfd1 Rc6 20.Qf3 Bg5 21.a3 h4 22.Bd3 O-O
23.Re1 g6 24.Nd1 f5 25.Ne3 Qf6 26.Rbd1 Rc7 27.b3 b5 28.a4 bxa4 29.bxa4 a5
30.exf5 gxf5 31.Nd5 Bxd5 32.Qxd5+ Kh8 33.Qxa5 Rc5 34.Qb6 e4 35.Bf1 Bf4 36.c4 Qe5
37.Rb1 e3 38.fxe3 Bxe3+ 39.Kh1 Qg3 40.Rxe3 Qxe3 41.Qxd6 Rcc8 42.Rb7 Qg5 43.a5 Rcd8
44.Qc7 Qh6 45.a6 Rd1 46.Qe5+ Kg8 47.Kg1 f4 48.a7 f3 49.Rb8 Rxf1+ 50.Kxf1 fxg2+
51.Kxg2 Qd2+ 52.Kg1 Qf2+ 53.Kh1  1/2-1/2

[Event "Rapid"]
[Site "Aubervilliers FRA"]
[Date "2002.01.27"]
[Round "9"]
[White "David,Alb"]
[Black "Milov,V"]
[Result "0-1"]
[WhiteElo "2516"]
[BlackElo "2595"]

1.e4 c5 2.Nf3 Nc6 3.Nc3 d6 4.d4 cxd4 5.Nxd4 Nf6 6.Bg5 Bd7 7.Qd2 Rc8 8.f3 Nxd4
9.Qxd4 Qa5 10.Bd2 a6 11.g4 h6 12.h4 Qc5 13.Qd3 g6 14.O-O-O Bg7 15.Bh3 b5
16.Be3 Qc4 17.Kb1 Be6 18.Qxc4 Rxc4 19.Ne2 h5 20.g5 Nd7 21.Bxe6 fxe6 22.b3 Rc8
23.Nf4 Kf7 24.Nd3 Ne5 25.Nxe5+ Bxe5 26.f4 Bc3 27.Rh3 Rc6 28.Bd4 Bxd4 29.Rxd4 Rhc8
30.Rd2 Rc5 31.Re3 Ke8 32.Kb2 Kd7 33.c3 Rf8 34.Rf2 d5 35.exd5 Rxd5 36.Kc2 e5
37.Ref3 Rf5 38.fxe5 Rfxe5 39.Rf4 Re3 40.c4 Rde5 41.Rd2+ Ke6 42.Rd8 Rh3 43.Kd2 bxc4
44.Rxc4 Ra5 45.a4 Rd5+ 46.Rxd5 Kxd5 47.Kc2 e5 48.Rb4 a5 49.Rb5+ Kd4 50.Rxa5 Rh2+
51.Kd1 Rxh4 52.Ra6 Rh1+ 53.Ke2 Rh2+ 54.Kd1 h4 55.Rd6+ Kc3 56.Rxg6 h3 57.Rh6 e4
58.Rc6+ Kxb3 59.Ke1 Rg2 60.Kf1 e3 61.Rh6 e2+ 62.Ke1 h2 63.Rh3+ Kxa4 64.Kd2 Rg1
65.Kxe2 h1=Q 66.Rxh1 Rxh1 67.Kf3 Kb5 68.Ke4 Kc6  0-1

[Event "Rapid"]
[Site "Aubervilliers FRA"]
[Date "2002.01.27"]
[Round "10"]
[White "Milov,V"]
[Black "Lalic,B"]
[Result "1-0"]
[WhiteElo "2595"]
[BlackElo "2523"]

1.d4 e6 2.c4 Nf6 3.Nc3 Bb4 4.e3 c5 5.Ne2 cxd4 6.exd4 d5 7.a3 Be7 8.Nf4 O-O
9.cxd5 Nxd5 10.Ncxd5 exd5 11.Bd3 Nc6 12.O-O g6 13.Be3 Bf6 14.Rc1 Be6 15.Nxe6 fxe6
16.Qg4 Qd7 17.h4 Kh8 18.Bb5 Rac8 19.Rfe1 Bg7 20.h5 gxh5 21.Qxh5 Rf5 22.Qh3 Qf7
23.Be2 Rf8 24.Bg4 Rxf2 25.Bxe6 Qf6 26.Rcd1 Rf4 27.Bxf4 Qxf4 28.Bxd5 Nxd4
29.Qe3 Qg4 30.Bxb7 Nf5 31.Qe4 Qg6 32.Qe6 Qg4 33.Be4 Bxb2 34.Rf1 Bxa3 35.Qe5+  1-0

[Event "Aeroflot Open"]
[Site "Moscow RUS"]
[Date "2002.02.05"]
[Round "1"]
[White "Milov,V"]
[Black "Ovetchkin,R"]
[Result "1-0"]
[WhiteElo "2595"]
[BlackElo "2483"]

1.d4 e6 2.c4 Nf6 3.Nc3 Bb4 4.e3 b6 5.f3 c5 6.d5 O-O 7.e4 Re8 8.Ne2 exd5 9.cxd5 d6
10.Ng3 Nbd7 11.Be2 a6 12.a4 Nf8 13.O-O Ng6 14.Na2 Ba5 15.Rb1 Bd7 16.b4 cxb4
17.Nxb4 Bxb4 18.Rxb4 b5 19.axb5 axb5 20.Kh1 Ne5 21.Bxb5 Qa5 22.Bxd7 Nfxd7
23.Qd4 Nc5 24.Be3 g6 25.Rfb1 h5 26.h3 Qd8 27.Qd2 Ned3 28.Rb6 Qf6 29.Ne2 Ra4
30.Nc3 Ra3 31.Ne2 Kh7 32.Bd4 Qh4 33.Rb8 Ra8 34.Rxe8 Rxe8 35.Kh2 Ra8 36.Rb6 Qd8
37.Rc6 Ra4 38.Bxc5 Nxc5 39.Qf4 Kg7 40.Qxd6 Qxd6+ 41.Rxd6 Nd3 42.Rc6 Ra2 43.Nc1 Nxc1
44.Rxc1 Rd2 45.h4 Kf6 46.Rc7  1-0

[Event "Aeroflot Open"]
[Site "Moscow RUS"]
[Date "2002.02.05"]
[Round "2"]
[White "Yemelin,V"]
[Black "Milov,V"]
[Result "1-0"]
[WhiteElo "2522"]
[BlackElo "2595"]

1.e4 c5 2.Nf3 d6 3.d4 cxd4 4.Nxd4 Nf6 5.Nc3 a6 6.Be2 e5 7.Nb3 Be7 8.Be3 Be6
9.f4 exf4 10.Bxf4 Nc6 11.Qd2 d5 12.exd5 Nxd5 13.Nxd5 Qxd5 14.O-O-O Qe4 15.Bf3 Qc4
16.Bxc6+ bxc6 17.Qd4 O-O 18.Qxc4 Bxc4 19.Rhe1 Bf6 20.Nc5 Rfe8 21.Nd7 Rxe1
22.Rxe1 Be6 23.Nxf6+ gxf6 24.Bh6 Kh8 25.Re3 Rg8 26.g3 Rg6 27.Bf4 Rg8 28.Ra3 Ra8
29.Rc3 Bd5 30.Bh6 f5 31.Rc5 f6 32.c4 Be4 33.Ra5 Kg8 34.Kd2 Kf7 35.Ke3 Ke6
36.Kd4 Kd6 37.Bf4+ Kd7 38.Kc5 Bd3 39.b3 h5 40.h4 Be4 41.Kb6 Bb1 42.Kb7 Re8
43.Rxa6 Re2 44.a4 Rb2 45.c5 Bc2 46.a5 Ra2 47.b4 Bd3 48.Rb6  1-0

[Event "Aeroflot Open"]
[Site "Moscow RUS"]
[Date "2002.02.06"]
[Round "3"]
[White "Milov,V"]
[Black "Lugovoi,A"]
[Result "1/2-1/2"]
[WhiteElo "2595"]
[BlackElo "2510"]

1.d4 Nf6 2.c4 e6 3.Nc3 Bb4 4.e3 O-O 5.Bd3 d5 6.a3 Bxc3+ 7.bxc3 dxc4 8.Bxc4 c5
9.Nf3 Qa5 10.Bd2 Qc7 11.Bd3 b6 12.Qe2 Bb7 13.e4 Qc6 14.Ne5 Qa4 15.dxc5 Bxe4
16.Bb5 Qb3 17.f3 Qd5 18.Nxf7 Rxf7 19.Bc4 Qc6 20.fxe4 Nxe4 21.Bb5 Qd5 22.Bc4 Qc6
23.Bb5 Qd5 24.cxb6 axb6 25.Bc4 Qc6 26.Bb5 Qd5  1/2-1/2

[Event "Aeroflot Open"]
[Site "Moscow RUS"]
[Date "2002.02.07"]
[Round "4"]
[White "Mchedlishvili,M"]
[Black "Milov,V"]
[Result "1/2-1/2"]
[WhiteElo "2527"]
[BlackElo "2595"]

1.d4 Nf6 2.c4 g6 3.g3 Bg7 4.Bg2 O-O 5.Nf3 d6 6.O-O Nc6 7.d5 Na5 8.Qa4 c5
9.Bd2 b6 10.Bc3 Bd7 11.Qc2 Bf5 12.Qc1 a6 13.b3 Rb8 14.Nbd2 b5 15.Re1 e5 16.dxe6 Bxe6
17.Ng5 bxc4 18.Nxe6 fxe6 19.bxc4 Qc7 20.Qa3 Nc6 21.Qxa6 Nb4 22.Bxb4 cxb4
23.Rad1 Nd7 24.Ne4 Be5 25.c5 Nxc5 26.Qc4 Qf7 27.Rf1 Nxe4 28.Qxe4 Rb6 29.Bh3 Re8
30.Rb1 Qb7 31.Qxb7 Rxb7 32.Rb3 Kf7 33.a3 Reb8 34.Rfb1 Bc3 35.e3 d5 36.axb4 Rxb4
37.Rxb4 Bxb4 38.Bf1 Ke7 39.Kg2 Kd6 40.h4 e5 41.Bd3 Rb6  1/2-1/2

[Event "Aeroflot Open"]
[Site "Moscow RUS"]
[Date "2002.02.07"]
[Round "5"]
[White "Milov,V"]
[Black "Rashkovsky,N"]
[Result "1/2-1/2"]
[WhiteElo "2595"]
[BlackElo "2505"]

1.d4 Nf6 2.c4 e6 3.Nc3 Bb4 4.e3 Nc6 5.Ne2 d5 6.a3 Bd6 7.c5 Be7 8.f4 a5 9.Rb1 b6
10.b4 axb4 11.axb4 bxc5 12.bxc5 O-O 13.Ng3 Ba6 14.Bxa6 Rxa6 15.Qd3 Ra8 16.O-O Qd7
17.Bd2 Rfb8 18.Nb5 g6 19.Rb3 Na5 20.Bxa5 Rxa5 21.Rfb1 c6 22.Na3 Rxb3 23.Rxb3 Ra8
24.Nc2 Bd8 25.Rb4 Qa7 26.Ne2 Ne4 27.Nc1 Kf8 28.Rb2 Rb8 29.Rxb8 Qxb8 30.Qb3 Qxb3
31.Nxb3 Ke8 32.g4 f6 33.Kg2 Kd7 34.Kf3 Bc7 35.Nb4 e5 36.dxe5 fxe5 37.Na6 exf4
38.Nxc7 Kxc7 39.exf4 Kd7 40.h4 Ke6 41.Ke3 h5 42.f5+ gxf5 43.gxh5 Kf6 44.Kf4 Kg7
45.Nd4  1/2-1/2

[Event "Aeroflot Open"]
[Site "Moscow RUS"]
[Date "2002.02.08"]
[Round "6"]
[White "Postny,E"]
[Black "Milov,V"]
[Result "0-1"]
[WhiteElo "2491"]
[BlackElo "2595"]

1.d4 Nf6 2.c4 e6 3.Nf3 d5 4.Bg5 Nbd7 5.Nc3 Bb4 6.cxd5 exd5 7.Qc2 O-O 8.a3 Bxc3+
9.Qxc3 h6 10.Bh4 c5 11.dxc5 g5 12.Bg3 Ne4 13.Qc2 Ndxc5 14.e3 Bd7 15.Nd4 Ba4
16.Qe2 Ne6 17.Nxe6 fxe6 18.f3 Nc5 19.Be5 Rc8 20.Bc3 Qe8 21.h4 g4 22.h5 e5
23.Rh4 Bd7 24.f4 d4 25.Bb4 exf4 26.exd4 Nd3+ 27.Kd2 Nxb4 28.axb4 Qf7 29.Rxg4+ Bxg4
30.Qxg4+ Kh8 31.Qg6 Qxg6 32.hxg6 a6 33.b5 axb5 34.Bxb5 Rf6 35.Bd3 Rd8 36.Ra4 Rb6
37.Kc2 Kg7 38.d5 Rxd5 39.Rxf4 Rc6+ 40.Kd2 Rxg6 41.g4 Rgd6 42.Rf3 Rd4 43.Rg3 Kf6
44.Kc3 Rxd3+ 45.Rxd3 Rxd3+ 46.Kxd3 Kg5  0-1

[Event "Aeroflot Open"]
[Site "Moscow RUS"]
[Date "2002.02.09"]
[Round "7"]
[White "Milov,V"]
[Black "Bagirov,R"]
[Result "1-0"]
[WhiteElo "2595"]
[BlackElo "2471"]

1.d4 Nf6 2.c4 g6 3.Nc3 d5 4.cxd5 Nxd5 5.e4 Nxc3 6.bxc3 Bg7 7.Qa4+ Qd7 8.Qxd7+ Bxd7
9.Ba3 e5 10.Nf3 exd4 11.cxd4 Nc6 12.Rc1 O-O-O 13.d5 Rhe8 14.Bd3 f5 15.dxc6 Bxc6
16.Bb1 fxe4 17.Ng5 Rd3 18.Bc5 Bb2 19.Rc2 Ba4 20.Rxb2 Rd1+ 21.Ke2 Rxh1 22.Nxh7 Rxh2
23.Nf6 Re6 24.Nxe4 Rxg2 25.Be3 Bc6 26.Nc5 Re7 27.Nd3 Rg4 28.Kd2 Be4 29.Kc3 b6
30.Bc2 Bf5 31.Rb1 Rh7 32.Re1 Rgh4 33.Bg5 Rh3 34.Re8+ Kb7 35.Be3 Rh8 36.Re5 R3h7
37.Bd1 a5 38.Bf3+ Kc8 39.Nf4 Rd7 40.Nd5 Kb8 41.Ne7 Rd3+ 42.Kb2 Rh2 43.Nc6+ Kc8
44.Re8+ Kd7 45.Re7+ Kc8 46.Be2 Kb7 47.Bxd3 Bxd3 48.Nd8+ Ka6 49.Rxc7 Rh4 50.Kc3 Bf5
51.Nc6 Be4 52.Nb8+ Kb5 53.Nd7 Bd5 54.a3 Rh7 55.a4+  1-0

[Event "Aeroflot Open"]
[Site "Moscow RUS"]
[Date "2002.02.10"]
[Round "9"]
[White "Milov,V"]
[Black "Tkachiev,V"]
[Result "1-0"]
[WhiteElo "2595"]
[BlackElo "2634"]

1.d4 d6 2.g3 Nf6 3.Bg2 g6 4.e4 Bg7 5.Ne2 O-O 6.O-O Nbd7 7.a4 Rb8 8.h3 c5
9.d5 a6 10.a5 b5 11.axb6 Nxb6 12.Nbc3 a5 13.g4 a4 14.Ng3 Nfd7 15.Ra2 Ra8
16.Nb1 Ne5 17.Re1 e6 18.Nd2 exd5 19.exd5 Bb7 20.Ndf1 Re8 21.Ne3 Nec4 22.Nxc4 Rxe1+
23.Qxe1 Nxc4 24.Qe4 Nb6 25.c4 Qd7 26.Qc2 Ba6 27.Bf1 Rb8 28.Ra3 Bd4 29.Rf3 Qe7
30.Kg2 Bc8 31.Ne2 Be5 32.Re3 Ba6 33.Ng3 Qd8 34.Ne4 Bd4 35.Rf3 f6 36.Bf4 Nxd5
37.cxd5 Rxb2 38.Qxa4 Bb7 39.Bxd6 Rb4 40.Qd1 Bxd5 41.Bxc5 Bxc5 42.Qxd5+  1-0

[Event "National Open"]
[Site "Las Vegas USA"]
[Date "2002.03.08"]
[Round "1"]
[White "Milov,V"]
[Black "Garrett,Pi"]
[Result "1-0"]
[WhiteElo "2595"]
[BlackElo "2298"]

1.d4 Nf6 2.c4 g6 3.Nc3 d5 4.Nf3 Bg7 5.Qb3 dxc4 6.Qxc4 O-O 7.e4 a6 8.e5 b5
9.Qb3 Nfd7 10.h4 c5 11.e6 fxe6 12.h5 Rxf3 13.gxf3 cxd4 14.Ne4 Nf8 15.hxg6 hxg6
16.Bh6 Bxh6 17.Rxh6 Qc7 18.Rh4 Bb7 19.Bd3 Nbd7 20.Ke2 Nf6 21.Rg1 Nd5 22.Rgg4 Rc8
23.Qd1 Qc1 24.Qxc1 Rxc1 25.Kd2 Ra1 26.Nc5 Bc8 27.Bxg6 Nf6 28.Rg5 Nxg6 29.Rxg6+ Kf7
30.Rg5 Rxa2 31.Nd3 Ke8 32.Rh8+ Kd7 33.Rc5 Bb7 34.Rc2 e5 35.Rb8 Bd5 36.Rb6 e6
37.Nxe5+ Kd8 38.Kd3 Bb3 39.Rcc6 Nd5 40.Rd6+ Kc7 41.Rbc6+ Kb8 42.Kxd4 Rxb2
43.Nd7+  1-0

[Event "National Open"]
[Site "Las Vegas USA"]
[Date "2002.03.09"]
[Round "4"]
[White "Chase,C"]
[Black "Milov,V"]
[Result "0-1"]
[WhiteElo "2341"]
[BlackElo "2595"]

1.e4 c5 2.Nf3 e6 3.d3 Nc6 4.Nbd2 g6 5.g3 Bg7 6.Bg2 Nge7 7.O-O O-O 8.Re1 d6
9.c3 Rb8 10.Nf1 e5 11.a3 b5 12.b4 a5 13.Rb1 axb4 14.axb4 cxb4 15.cxb4 d5
16.exd5 Nxd5 17.Bb2 Re8 18.d4 Bf5 19.Rc1 Ncxb4 20.Nh4 Bd3 21.dxe5 Bc4 22.Be4 Bxe5
23.Bxe5 Rxe5 24.Qd4 Nc6 25.Qb2 Nde7 26.Bxc6 Rxe1 27.Rxe1 Nxc6 28.Nf3 Bxf1
29.Rxf1 Qd5 30.Qf6 b4 31.Rc1 b3 32.Qxc6 b2 33.Qxd5 bxc1=Q+ 34.Kg2 Qb2 35.h4 h5
36.Qd6 Re8 37.Qf4 Kg7 38.Nd4 Qb7+ 39.Kh2 Qd5  0-1

[Event "National Open"]
[Site "Las Vegas USA"]
[Date "2002.03.10"]
[Round "5"]
[White "Milov,V"]
[Black "Gallagher,Jo"]
[Result "0-1"]
[WhiteElo "2595"]
[BlackElo "2503"]

1.d4 Nf6 2.c4 g6 3.Nc3 Bg7 4.e4 d6 5.Bg5 h6 6.Bh4 g5 7.Bg3 c5 8.d5 Qa5 9.Bd3 Nxe4
10.Bxe4 Bxc3+ 11.bxc3 Qxc3+ 12.Kf1 f5 13.Rc1 Qf6 14.h4 g4 15.Ne2 fxe4 16.Kg1 Bf5
17.Nc3 Nd7 18.Qe2 O-O 19.Nxe4 Qd4 20.Nd2 Rae8 21.Nf1 Ne5 22.Ne3 Bd7 23.h5 Nd3
24.Rb1 b6 25.Rh4 Nf4 26.Qc2 Qg7 27.Qd1 Qd4 28.Nxg4 Qxd1+ 29.Rxd1 Ne2+ 30.Kh2 Kh7
31.Re1 Nxg3 32.Kxg3 Rg8 33.f3 e5 34.dxe6 Rxe6 35.Rxe6 Bxe6 36.Kf2 Rd8 37.Ne3 d5
38.cxd5 Bxd5 39.Ra4 a5 40.Nxd5 Rxd5 41.g4 Kg7 42.Ke3 Rd1 43.Rc4 Ra1 44.a4 Kf6
45.Rf4+ Kg7 46.Re4 Kf7 47.Kf2 Ra3 48.Kg3 Rb3 49.Kf4 Ra3 50.Kg3 Rb3 51.Re2 Rb4
52.Rd2 Ke7 53.Ra2 Kf7 54.Ra1 c4 55.Rd1 Ke7 56.Kf4 c3+ 57.Kf5 Rxa4 58.Rc1 Rc4
59.Kg6 b5 60.Kxh6  0-1

[Event "National Open"]
[Site "Las Vegas USA"]
[Date "2002.03.10"]
[Round "6"]
[White "Milat,M"]
[Black "Milov,V"]
[Result "0-1"]
[WhiteElo "2306"]
[BlackElo "2595"]

1.e4 c5 2.Nc3 e6 3.Nge2 a6 4.d4 cxd4 5.Nxd4 b5 6.Bd3 Bc5 7.Nb3 Be7 8.O-O d6
9.a4 b4 10.Na2 a5 11.c3 bxc3 12.Qg4 h5 13.Qe2 cxb2 14.Bxb2 e5 15.Bb5+ Bd7
16.Nc3 Nf6 17.Rfd1 O-O 18.Nd5 Nxd5 19.Rxd5 Bg4 20.Qd2 Be6 21.Rd3 Nd7 22.Bxd7 Qxd7
23.Nc5 Qc6 24.Nxe6 fxe6 25.f3 Rfc8 26.Qd1 Qb6+  0-1

[Event "V Mirabel Rapid"]
[Site "Madrid ESP"]
[Date "2002.04.13"]
[Round "2"]
[White "Cruz Alvarez de Ron,D"]
[Black "Milov,V"]
[Result "0-1"]
[WhiteElo "2164"]
[BlackElo "2595"]

1.Nf3 c5 2.e4 Nc6 3.d4 cxd4 4.Nxd4 Nf6 5.Nc3 d6 6.Bc4 Qb6 7.Nb3 e6 8.Be3 Qc7
9.O-O a6 10.Be2 b5 11.f4 Be7 12.Bf3 Bb7 13.Qe2 O-O 14.Rae1 b4 15.Na4 a5 16.c4 bxc3
17.Nxc3 a4 18.Nb5 Qd7 19.e5 axb3 20.exf6 Bxf6 21.axb3 d5 22.Qd2 Ba6 23.Be2 Qb7
24.Nd4 Bxe2 25.Rxe2 Rfc8 26.Nxc6 Rxc6 27.f5 Qxb3 28.Bd4 Bxd4+ 29.Qxd4 Qb6
30.Qxb6 Rxb6 31.Rfe1 Raa6 32.Kf2 h6 33.fxe6 fxe6 34.Kf3 Kf7 35.Rc2 Ra7 36.Ree2 Kf6
37.Kf4 Rb3 38.Rc6 Ra4+  0-1

[Event "V Mirabel Rapid"]
[Site "Madrid ESP"]
[Date "2002.04.13"]
[Round "3"]
[White "Milov,V"]
[Black "Morales,Jo"]
[Result "1-0"]
[WhiteElo "2595"]
[BlackElo "2338"]

1.d4 Nf6 2.c4 e6 3.Nc3 Bb4 4.e3 O-O 5.Bd3 d5 6.a3 Bxc3+ 7.bxc3 dxc4 8.Bxc4 c5
9.Nf3 Qc7 10.Ba2 Nc6 11.O-O Rd8 12.Qc2 e5 13.Ng5 Rf8 14.d5 Na5 15.c4 h6 16.Ne4 Ne8
17.Bb2 Bf5 18.f4 f6 19.fxe5 fxe5 20.Qf2 Qe7 21.Ng3 Nd6 22.Nxf5 Rxf5 23.Qe2 Raf8
24.Rxf5 Rxf5 25.Bc3 b6 26.Bb1 Rf8 27.Ba2 Ne4 28.Be1 Nd6 29.Rc1 Qg5 30.h4 Qe7
31.Bb1 Nab7 32.Bg3 Nf5 33.Bxf5 Rxf5 34.Qg4 Nd6 35.a4 Qd7 36.Kh2 Qxa4 37.e4 Rf7
38.Bxe5 Nxc4 39.Ba1 Ne3 40.Qg6 Qd7 41.Re1 Nc2  1-0

[Event "V Mirabel Rapid"]
[Site "Madrid ESP"]
[Date "2002.04.13"]
[Round "5"]
[White "Milov,V"]
[Black "Rodriguez,Am"]
[Result "0-1"]
[WhiteElo "2595"]
[BlackElo "2477"]

1.d4 Nf6 2.c4 e6 3.Nc3 Bb4 4.e3 c5 5.Ne2 d5 6.cxd5 Nxd5 7.a3 Ba5 8.dxc5 Nxc3
9.Qxd8+ Kxd8 10.Nxc3 Bxc3+ 11.bxc3 Nd7 12.c6 bxc6 13.e4 a5 14.Be3 Ba6 15.Bxa6 Rxa6
16.Ke2 Kc7 17.Rab1 Raa8 18.c4 Rab8 19.Bd2 Rxb1 20.Rxb1 Ra8 21.Bc3 f6 22.Bd2 Nb6
23.Rc1 c5 24.g4 Kc6 25.g5 a4 26.gxf6 gxf6 27.f4 Rg8 28.Kf3 Rd8 29.Bc3 f5
30.Ke2 fxe4 31.Ke3 Nxc4+ 32.Kxe4 Nxa3 33.Ke5 Nb5 34.Kxe6 Nxc3 35.Rxc3 Kb5
36.f5 Kb4 37.Rc1 a3 38.Rb1+ Ka4 39.Ke7 a2 40.Ra1 Rd2 41.Rf1 Rf2 42.Rxf2 a1=Q
43.Kf7 c4 44.f6 c3 45.Kf8 c2  0-1

[Event "Eurotel Trophy"]
[Site "Prague CZE"]
[Date "2002.04.29"]
[Round "1.2"]
[White "Milov,V"]
[Black "Topalov,V"]
[Result "1-0"]
[WhiteElo "2606"]
[BlackElo "2745"]

1.d4 d5 2.c4 dxc4 3.e3 Nf6 4.Bxc4 e6 5.Nf3 c5 6.O-O a6 7.a4 Nc6 8.Qe2 Be7
9.Rd1 O-O 10.Nc3 Qc7 11.d5 exd5 12.Nxd5 Nxd5 13.Bxd5 Bf6 14.h3 Nb4 15.e4 Nxd5
16.exd5 Qd6 17.a5 Bd7 18.Be3 b5 19.axb6 Qxb6 20.Rd2 Bb5 21.Qd1 Qd6 22.Qc2 Rac8
23.Rc1 c4 24.Bd4 Rcd8 25.Rcd1 Rfe8 26.Qc3 Ba4 27.Ra1 Bb5 28.Bxf6 Qxf6 29.Qxf6 gxf6
30.g4 Kf8 31.Nh4 Re5 32.d6 h5 33.Nf5 hxg4 34.hxg4 Bd7 35.Rxa6 Bxf5 36.gxf5 Rxf5
37.Rc6 Rf4 38.Kg2 Re4 39.Kf3 Re6 40.Rxc4 Rexd6 41.Rxd6 Rxd6 42.Ke3 Rd1 43.b4 f5
44.Rd4 Rb1 45.Kd3 Kg7 46.Kc4 Kg6 47.f4 Kh5 48.b5 Kg4 49.Kc5  1-0

[Event "Eurotel Trophy"]
[Site "Prague CZE"]
[Date "2002.04.29"]
[Round "1.4"]
[White "Topalov,V"]
[Black "Milov,V"]
[Result "1/2-1/2"]
[WhiteElo "2745"]
[BlackElo "2606"]

1.Nf3 Nf6 2.c4 g6 3.Nc3 Bg7 4.e4 d6 5.d4 O-O 6.Be2 e5 7.O-O Na6 8.Be3 Ng4
9.Bg5 Qe8 10.dxe5 dxe5 11.h3 h6 12.Bd2 Nf6 13.Be3 Nh5 14.c5 Nf4 15.Bxa6 bxa6
16.Bxf4 exf4 17.Nd5 Rb8 18.Re1 c6 19.Nxf4 Rxb2 20.e5 Rb7 21.Rb1 Rxb1 22.Qxb1 Qe7
23.e6 g5 24.exf7+ Qxf7 25.Ng6 Re8 26.Nge5 Qd5 27.Rd1 Qxc5 28.Qg6 Qe7 29.Ng4 Bxg4
30.hxg4 Qf7 31.Qxc6 Re6 32.Rd8+ Kh7 33.Qc2+ Qg6 34.Qc4 Qb1+ 35.Kh2 Qe4 36.Qxe4+ Rxe4
37.Kh3 Ra4 38.Rd7 Rxa2 39.Nd4 Kg6 40.Nf5 Bf6 41.f3 h5 42.g3 Ra4 43.Rxa7 hxg4+
44.fxg4 Ra1 45.Nd6 Bd4 46.Rb7 Ra2 47.Nf5 Bg1 48.Nh4+ gxh4 49.gxh4 Ra3+ 50.Kg2 Bd4
51.Rd7 Be5 52.Rd5 Kf6 53.h5 Ke6 54.Rc5 Rg3+ 55.Kf1 Bd6 56.Ra5 Ra3 57.Rg5 a5
58.h6 Be5 59.Rg6+ Kd5 60.g5 Rh3 61.Ra6 Bc3 62.Kg2 Rh4 63.Kg3 Be1+ 64.Kf3 Kc5
65.g6 Rxh6 66.g7 Rh3+ 67.Ke2 Rg3 68.Kxe1 Kb5 69.Ra7 Rg2 70.Kd1 Kb4 71.Kc1 a4
72.Kb1 Ka3 73.Rb7  1/2-1/2

[Event "3rd IECC"]
[Site "Batumi GEO"]
[Date "2002.06.13"]
[Round "2"]
[White "Milov,V"]
[Black "Malakhatko,V"]
[Result "1-0"]
[WhiteElo "2606"]
[BlackElo "2517"]

1.d4 d5 2.c4 e6 3.Nc3 Be7 4.cxd5 exd5 5.Bf4 c6 6.e3 Bf5 7.Nge2 Bd6 8.Qb3 b6
9.f3 Ne7 10.e4 Be6 11.Qd1 O-O 12.Qd2 dxe4 13.fxe4 f5 14.Bxd6 Qxd6 15.e5 Qd7
16.Nf4 Kh8 17.Be2 Bg8 18.h4 Rd8 19.O-O-O Qe8 20.h5 Nd7 21.Qe3 h6 22.g4 Nf8
23.g5 Kh7 24.gxh6 gxh6 25.Rdg1 Ne6 26.Bd3 Ng5 27.Rxg5 hxg5 28.Nh3 g4 29.Nf2 Be6
30.Nxg4 Ng8 31.Ne4 Kh8 32.Ngf6 Qf8 33.Ng5 Bxa2 34.Nxg8 Bxg8 35.h6 c5 36.h7 Bd5
37.e6 Bxh1 38.Nf7+ Kxh7 39.Qh3+  1-0